Machine Gun Kelly Charting Songs (Billboard Hot 100) - Statistics

General Stats
  • This quiz has been taken 148 times
    6 since last reset
  • The average score is 8 of 21
Answer Stats
Album Weeks On Peak Artist(s) Song % Correct
bloom 23 Weeks #4 Machine Gun Kelly ft. Camila Cabello Bad Things
100%
Mainstream Sellout 2 Weeks #77 Machine Gun Kelly ft. WILLOW Emo Girl
75%
Tickets to My Downfall 52 Weeks #20 Machine Gun Kelly & blackbear my ex's best friend
75%
bloom 8 Weeks #60 Machine Gun Kelly ft. Hailee Steinfeld At My Best
50%
Lost Americana 6 Weeks #62 mgk cliche
50%
Tickets to My Downfall 3 Weeks #44 Machine Gun Kelly ft. Halsey forget me too
50%
Fuck Love (Savage) 1 Week #99 Kid LAROI ft. Machine Gun Kelly Fuck You, Goodbye
50%
Bright: The Album 5 Weeks #90 Machine Gun Kelly, Bebe Rexha & X Ambassadors Home
50%
Beautifully Broken (Pickin' Up the Pieces) 16 Weeks #33 mgk & Jelly Roll Lonely Road
50%
Mainstream Sellout 2 Weeks #59 Machine Gun Kelly ft. blackbear make up sex
50%
Mainstream Sellout 2 Weeks #68 Machine Gun Kelly & Bring Me The Horizon maybe
50%
Binge 4 Weeks #13 Machine Gun Kelly Rap Devil
50%
Mainstream Sellout 2 Weeks #82 Machine Gun Kelly ft. Lil Wayne Ay!
25%
Tickets to My Downfall 4 Weeks #50 Machine Gun Kelly bloody valentine
25%
So Much Fun 1 Week #92 Young Thug ft. Machine Gun Kelly Ecstasy
25%
Mainstream Sellout 1 Week #79 Machine Gun Kelly Papercuts
25%
Rage Pack, Half Naked & Almost Famous and Lace Up 1 Week #98 Machine Gun Kelly ft. Waka Flocka Flame Wild Boy
25%
Non-Album Single 1 Week #88 Machine Gun Kelly & CORPSE Daywalker!
0%
Non-Album Single 1 Week #76 mgk don't let me go
0%
Tickets to My Downfall 1 Week #91 Machine Gun Kelly drunk face
0%
FEAR 1 Week #62 NF & mgk WHO I WAS
0%
No matching quizzes found
Score Distribution
Percent of People with Each Score
Percentile by Number Answered
Your Score History
You have not taken this quiz since the last reset